000
00328nam a22001457a 4500
003
OSt
020
_a
9788131507667
082
_a
361.06
_b
HEP/CO
100
_a
Heppner, Paul P
245
_a
Counseling research
250
_a
1,
260
_a
Australia
_b
Books/cole cengage learning
_c
2007
300
_a
475p.
942
_2
ddc
_c
BK
999
_c
190876
_d
190876